[Event "87th ch-Paris IdF Open"]
[Site "Paris FRA"]
[Date "2012.07.12"]
[Round "6.12"]
[White "Khouri,I"]
[Black "Pile,R"]
[Result "0-1"]
[WhiteElo "2222"]
[BlackElo "2362"]

1.e4 c5 2.Nf3 e6 3.d4 cxd4 4.Nxd4 a6 5.Nc3 Qc7 6.Be2 b5 7.O-O Bb7 8.Bf3 b4
9.Nce2 Bd6 10.g3 Nf6 11.Qd3 O-O 12.Rd1 Be5 13.Bg2 d5 14.exd5 Bxd5 15.Bxd5 Nxd5
16.Qe4 Nd7 17.f4 Bxd4+ 18.Nxd4 Nc5 19.Qf3 Rfd8 20.Be3 Na4 21.Rab1 Nxe3 22.Qxe3 Qc5
23.Kf2 Rd5 24.Ne2 Qxc2 25.Rbc1 Qxb2 26.Rb1 Rxd1 27.Rxb2 Nxb2 28.Qb3 Rd2 29.f5 exf5
30.Ke1 Rad8 31.Nf4 Rd1+ 32.Ke2 R8d2+ 33.Ke3 Rd3+  0-1

[Event "Werner-Ott-Open 2012"]
[Site "Berlin GER"]
[Date "2012.07.13"]
[Round "7.11"]
[White "Niehaus,F"]
[Black "Kievelitz,B"]
[Result "1-0"]
[WhiteElo "2214"]
[BlackElo "2034"]

1.e4 c5 2.Nf3 e6 3.d4 cxd4 4.Nxd4 a6 5.Nc3 b5 6.Bd3 Qb6 7.Nb3 Qc7 8.Be3 Bb7
9.f4 Nf6 10.O-O d6 11.e5 Nd5 12.Nxd5 Bxd5 13.exd6 Bxd6 14.Qh5 Nd7 15.Rae1 Nf6
16.Qg5 h6 17.Qh4 O-O-O 18.Bd4 Rdg8 19.Qf2 Nd7 20.c4 bxc4 21.Rc1 Kd8 22.Nd2 Bc5
23.Bxc4 Bxd4 24.Qxd4 Qb6 25.Qxb6+ Nxb6 26.Bxa6 Kd7 27.Bb5+ Kd6 28.Rfd1 Rc8
29.a4 Rxc1 30.Rxc1 Ra8 31.b3 Nd7 32.Bxd7 Kxd7 33.g3 g5 34.Nc4 Bxc4 35.Rxc4 gxf4
36.gxf4 Kd6 37.Rb4 Kc5 38.Rb5+ Kd4 39.Kf2 Rc8 40.a5 Rc2+ 41.Kg3 Rc3+ 42.Kg4 Rc2
43.h3 Ke4 44.Rb4+  1-0

[Event "Turkish Bank Chess League 2012"]
[Site "Konya TUR"]
[Date "2012.07.13"]
[Round "3"]
[White "Solak,D"]
[Black "Mamedov,Nid"]
[Result "1/2-1/2"]
[WhiteElo "2589"]
[BlackElo "2601"]

1.e4 c5 2.Nf3 e6 3.d4 cxd4 4.Nxd4 a6 5.Nc3 Qc7 6.Bd3 Bc5 7.Nb3 Be7 8.O-O d6
9.Qg4 g6 10.Qe2 Nd7 11.Bd2 b6 12.Rae1 Bb7 13.f4 Ngf6 14.e5 Nd5 15.Nxd5  1/2-1/2

[Event "5th Open d'Ille et Vilaine"]
[Site "Rennes FRA"]
[Date "2012.07.13"]
[Round "9.5"]
[White "Rivalin,K"]
[Black "Guezennec,F"]
[Result "1/2-1/2"]
[WhiteElo "1988"]
[BlackElo "2181"]

1.e4 c5 2.Nf3 e6 3.d4 cxd4 4.Nxd4 a6 5.Nc3 Qc7 6.g3 Nf6 7.Bg2 Nc6 8.O-O Be7
9.a4 O-O 10.Be3 d6 11.Qe2 Na5 12.Rad1 Bd7 13.f4 e5 14.Nf5 Bxf5 15.exf5 Nc4
16.Nd5 Nxd5 17.Bxd5 Nxe3 18.Qxe3 Qxc2 19.Bxb7 Rab8 20.Be4 Qxa4 21.Rd2 Rb4
22.Bc2 Qb5 23.b3 Bd8 24.Rxd6 Bb6 25.Rxb6 Qxb6 26.Qxb6 Rxb6 27.fxe5 g6 28.fxg6 hxg6
29.Bd3 Kg7 30.Bc4 a5 31.Kg2 Rc6 32.Ra1 Rc5 33.e6 fxe6 34.Bxe6 Rb8 35.Bc4 Rb4
36.Rd1 a4 37.Rd3 a3 38.Rd7+ Kf6 39.Ra7 Rcxc4 40.bxc4 Rb2+ 41.Kh3 a2 42.c5 Kf5
43.c6 Ke6  1/2-1/2

[Event "4th Rethymno Open"]
[Site "Rethymno GRE"]
[Date "2012.07.13"]
[Round "8.21"]
[White "Dijkhuis,Tycho"]
[Black "Mamikonian,T"]
[Result "0-1"]
[WhiteElo "2006"]
[BlackElo "2283"]

1.e4 c5 2.Nf3 e6 3.d4 cxd4 4.Nxd4 a6 5.Nc3 Qc7 6.g3 Nc6 7.Bg2 Nf6 8.O-O Nxd4
9.Qxd4 Bc5 10.Bf4 d6 11.Qd2 h6 12.Rad1 e5 13.Be3 Be6 14.Bxc5 dxc5 15.Nd5 Bxd5
16.exd5 Qd6 17.f4 exf4 18.Qxf4 O-O-O 19.Rde1 Kc7 20.Re7+ Rd7 21.Re5 Re8 22.Rxe8 Qxf4
23.Rxf4 Nxe8 24.b4 Kd6 25.a3 Nf6 26.c4 Re7 27.Rf1 Re3 28.bxc5+ Kxc5 29.Rd1 Re7
30.d6 Rd7 31.Rb1 b6 32.Re1 Rxd6 33.Bh3 Kxc4 34.Bf1+ Kb3 35.Re3+ Ka4 36.Bxa6 Rd1+
37.Kg2 Rd2+ 38.Kg1 Rxh2 39.Re7 Rh5 40.Rxf7 Rg5 41.Kh2 Kxa3 42.Rb7 Ng4+ 43.Kg2 Rg6
44.Bd3 Rd6 45.Be2 Ne3+ 46.Kf2 Nf5 47.g4 Nd4 48.Rxg7 Nxe2 49.Kxe2 b5 50.Ra7+ Kb3
51.Kf3 b4 52.Kg3 Kb2 53.Rb7 b3 54.Kh4 Kc2 55.Rc7+ Kb1 56.Kh5 b2 57.Rb7 Rc6  0-1

[Event "119th ch-SCO 2012"]
[Site "Glasgow SCO"]
[Date "2012.07.14"]
[Round "8.2"]
[White "Nolan,Graeme"]
[Black "Teterev,V"]
[Result "0-1"]
[WhiteElo "2176"]
[BlackElo "2530"]

1.e4 c5 2.Nf3 e6 3.d4 cxd4 4.Nxd4 a6 5.Nc3 Qc7 6.Bd3 Nf6 7.O-O Bc5 8.Nb3 Be7
9.f4 d6 10.a4 Nc6 11.Qe2 b6 12.Be3 Bb7 13.Kh1 O-O 14.f5 Ne5 15.fxe6 fxe6
16.Nd4 Qd7 17.Nf3 Nxd3 18.cxd3 b5 19.a5 Rac8 20.Nd4 Bd8 21.Bg5 Rc5 22.Bd2 Be7
23.Nb3 Rcc8 24.Nd4 Rf7 25.Be3 Re8 26.Bd2 Bd8 27.Nd1 g6 28.Bb4 e5 29.Nf3 Nh5
30.Nc3 Nf4 31.Qe3 Ref8 32.g3 Qh3 33.Qd2 Nh5 34.Qg2 Nxg3+ 35.Qxg3 Qxg3 36.hxg3 Rxf3
37.Rxf3 Rxf3 38.Bxd6 Rxd3 39.Bxe5 b4 40.Nd5 Bxd5 41.exd5 Rxd5  0-1

[Event "16th Battle of Senta Open A"]
[Site "Senta SRB"]
[Date "2012.07.14"]
[Round "1.6"]
[White "Parnicki,Z"]
[Black "Nestorovic,De"]
[Result "0-1"]
[WhiteElo "2194"]
[BlackElo "2404"]

1.e4 c5 2.Nf3 e6 3.d4 cxd4 4.Nxd4 a6 5.Nc3 Qc7 6.Bd3 Nf6 7.O-O d6 8.Nce2 Nbd7
9.f3 d5 10.exd5 Nxd5 11.Kh1 Bd6 12.c3 O-O 13.Qe1 g6 14.Bh6 Re8 15.Qh4 Be7
16.Bg5 Nc5 17.Bc2 e5 18.Bxe7 Qxe7 19.Qxe7 Rxe7 20.Nb3 Na4 21.Nd2 Bd7 22.Bxa4 Bxa4
23.b3 Bc6 24.c4 Ne3 25.Rfc1 Rd8 26.Nf1 e4 27.fxe4 Nxf1 28.Rxf1 Rxe4 29.Nc3 Re3
30.Rac1 Rd2 31.Nd5 Ree2 32.Rfd1 Rxg2 33.Rxd2 Rxd2 34.Kg1 Bxd5 35.cxd5 Rxd5
36.Rc7 b5 37.Rc2 b4 38.Kf2 a5 39.Ke3 Kg7 40.Rc6 g5 41.Ra6 f6 42.h4 gxh4 43.Kf4 h3
44.Kg3 Rh5 45.Kh2 Kg6 46.Ra7 Re5 47.Kxh3 h5 48.Kh4 Kf5 49.Ra6 Ke4 50.Rxf6 Kd3
51.Rc6 Re2 52.Kxh5 Rxa2 53.Rc5 a4 54.bxa4 b3 55.a5 b2 56.Rb5 Kc2 57.Rc5+ Kb1  0-1

[Event "ch-SWE 2012"]
[Site "Falun SWE"]
[Date "2012.07.15"]
[Round "9.3"]
[White "Hector,J"]
[Black "Cramling,P"]
[Result "0-1"]
[WhiteElo "2530"]
[BlackElo "2486"]

1.e4 c5 2.Nf3 e6 3.d4 cxd4 4.Nxd4 a6 5.Nc3 Qc7 6.Bd3 Nc6 7.Nxc6 bxc6 8.Qe2 Bd6
9.O-O Bxh2+ 10.Kh1 Bf4 11.Bxf4 Qxf4 12.e5 h5 13.Rae1 Nh6 14.Qxh5 Qg4 15.Qh2 f5
16.Be2 Qb4 17.a3 Qc5 18.Kg1 Nf7 19.Qg3 Qxe5 20.Bd3 Qxg3 21.fxg3 Kd8 22.g4 g6
23.gxf5 gxf5 24.Rf3 Rg8 25.Kf2 Kc7 26.Rh3 Bb7 27.Na4 Ng5 28.Rh5 d6 29.c4 c5
30.b4 Bc6 31.Nc3 Rg7 32.g3 Rf8 33.bxc5 dxc5 34.Rxg5 Rxg5 35.Rxe6 f4 36.gxf4 Rxf4+
37.Ke3 Rf3+ 38.Kd2 Rgg3 39.Rxc6+ Kxc6 40.Be4+ Kd6 41.Bxf3 Rxf3 42.Ne4+ Kc6
43.a4 Ra3 44.Nc3 Kb6 45.Kc2 Ka5 46.Nd5 Kxa4 47.Kb2 Rh3 48.Kc2 Ka3 49.Nc7 Kb4
50.Nxa6+ Kxc4 51.Nc7 Rh2+ 52.Kd1 Rh6  0-1

[Event "Corporation Centre Cup A"]
[Site "Izhevsk RUS"]
[Date "2012.07.15"]
[Round "1"]
[White "Lepkasov,V"]
[Black "Fedorov,Alex"]
[Result "0-1"]
[WhiteElo "2191"]
[BlackElo "2562"]

1.e4 c5 2.Nf3 e6 3.d4 cxd4 4.Nxd4 a6 5.Nc3 b5 6.Bd3 Bb7 7.O-O Bc5 8.Nb3 Be7
9.Be3 d6 10.a3 Nf6 11.f4 Nbd7 12.Qe2 O-O 13.Rae1 Rc8 14.Bd2 e5 15.f5 h6 16.Rf3 Nb6
17.Rg3 Kh8 18.Rh3 Nh7 19.Rd1 Bg5 20.Bxg5 Nxg5 21.Rg3 Qe7 22.Nd2 Rxc3 23.bxc3 Na4
24.Qg4 Nxc3 25.Rf1 Qf6 26.h4 Nh7 27.Qh3 Rc8 28.Rgf3 h5 29.Re1 Qh6 30.Nf1 Nf6
31.Rfe3 Ng4 32.Rg3 d5 33.exd5 Qb6+ 34.Ne3 e4 35.Be2 Nxe3 36.Kh1 Ncxd5 37.Rg5 Nf4
38.Qg3 Nexg2 39.Rd1 e3 40.Bf3 e2  0-1

[Event "Turkish Bank Chess League 2012"]
[Site "Konya TUR"]
[Date "2012.07.15"]
[Round "5"]
[White "Atakisi,U"]
[Black "Tulay,S"]
[Result "1/2-1/2"]
[WhiteElo "2338"]
[BlackElo "1796"]

1.e4 c5 2.Nf3 e6 3.d4 cxd4 4.Nxd4 a6 5.Nc3 Qc7 6.Bd3 Nf6 7.O-O d6 8.Kh1 b5
9.a3 Bb7 10.f4 Nbd7 11.Qe2 Be7 12.Bd2 O-O 13.Rae1 Rad8 14.b4 Qb6 15.Nf3 e5
16.Ng5 exf4 17.Bxf4 Ne5 18.Nd5 Nxd5 19.exd5 Nxd3 20.Qxd3 Bxg5 21.Bxg5 f6
22.Bxf6 Rde8 23.Bb2 Rxf1+ 24.Rxf1 Qe3 25.Qf5 Qe7 26.Qh5 Rf8 27.Rxf8+ Qxf8
28.Kg1 Qf7 29.Qg5 h6 30.Qd8+ Qf8 31.Qb6 Bxd5 32.h3 Bc4 33.Qd4 Qe7 34.Kf2 Qf7+
35.Kg3 Qg6+ 36.Kh2 d5 37.Qe5 Kh7 38.h4 Qg4 39.Kg1 Qd1+ 40.Kh2 Qg4 41.Qe1 Qe4
42.Qg3 Qg6 43.Qf2 Qg4 44.Be5 Be2 45.c3 Bd3 46.Qg3 Qxg3+ 47.Kxg3 g6 48.Kf4 Kg8
49.Ke3 Bc4 50.Kd4 Kf7 51.Kc5 Ke6 52.Bf4 h5 53.Kc6 Bf1 54.g3 Bc4 55.Be3 Bd3
56.Kb6 Kd7 57.Kxa6 Kc6 58.Ka5 Bc4 59.a4 bxa4 60.Kxa4 Bb5+ 61.Kb3 Bc4+ 62.Kc2 Bb5
63.Bd4 Bc4 64.Kd2 Bb5 65.Ke3 Bc4 66.Kf4 Bb5 67.Kg5 Bd3 68.g4 hxg4 69.Kxg4 Bc4
70.Kg5 Bd3 71.Kf6 Be4 72.Ke5 Bd3 73.Be3 Bc4 74.Bg5 Bd3 75.Kf6 Be4 76.Ke6 Bd3
77.Ke5 Bc4  1/2-1/2

[Event "6th LCT GpA 2012"]
[Site "Leiden NED"]
[Date "2012.07.15"]
[Round "9.7"]
[White "Pijpers,A"]
[Black "Zakhartsov,Vi"]
[Result "0-1"]
[WhiteElo "2341"]
[BlackElo "2547"]

1.e4 c5 2.Nf3 e6 3.d4 cxd4 4.Nxd4 a6 5.Nc3 Qc7 6.Bd3 Bc5 7.Nb3 Be7 8.O-O d6
9.Qg4 g6 10.Bg5 h5 11.Qh4 Nc6 12.Rad1 Bd7 13.Bxe7 Ngxe7 14.f4 f5 15.Rfe1 O-O-O
16.e5 dxe5 17.fxe5 Kb8 18.Kh1 Bc8 19.Nd2 Rdg8 20.Qg5 h4 21.Nc4 h3 22.g3 Nd4
23.Qe3 Nxc2 24.Bxc2 Qxc4 25.Qb6 Qc6+ 26.Qxc6 Nxc6 27.Kg1 Rd8 28.Kf2 Rxd1
29.Bxd1 Rd8 30.Re2 Rd4 31.Ke3 g5 32.Bb3 b5 33.a3 Kb7 34.Bc2 Kb6 35.Bb3 a5
36.Bc2 Ba6 37.Re1 Rd8 38.Bb3 Nxe5 39.Bxe6 Ng4+ 40.Kf3 Bb7+ 41.Ke2 Re8 42.Kd1 Nxh2
43.Re5 Bc6  0-1

[Event "Sparkassen Open A"]
[Site "Dortmund GER"]
[Date "2012.07.16"]
[Round "3.2"]
[White "Ciornei,D"]
[Black "Podzielny,KH"]
[Result "1/2-1/2"]
[WhiteElo "2182"]
[BlackElo "2438"]

1.e4 c5 2.Nf3 e6 3.d4 cxd4 4.Nxd4 a6 5.Nc3 Qc7 6.g3 Nf6 7.Bg2 d6 8.O-O Be7
9.Re1 Nbd7 10.f4 h5 11.h3 Rb8 12.a4 b6 13.Be3 Bb7 14.Bf2 g6 15.Qe2 h4 16.g4 e5
17.Nd5 Qd8 18.fxe5 Nxe5 19.Nf3 Nxd5 20.exd5 O-O 21.Nxe5 dxe5 22.Qxe5 Bf6
23.Qe4  1/2-1/2

[Event "Corporation Centre Cup A"]
[Site "Izhevsk RUS"]
[Date "2012.07.16"]
[Round "2"]
[White "Purtov,K"]
[Black "Chekletsov,Egor"]
[Result "0-1"]
[WhiteElo "2142"]
[BlackElo "1917"]

1.e4 c5 2.Ne2 e6 3.d4 cxd4 4.Nxd4 a6 5.Nc3 Qc7 6.Be2 Nf6 7.O-O d6 8.f4 Be7
9.Be3 O-O 10.Bf3 Nbd7 11.g4 h6 12.Qe2 Ne8 13.Bg2 Kh7 14.Rf3 g6 15.Rh3 Ng7
16.Rf1 Rh8 17.g5 h5 18.f5 Bd8 19.fxe6 fxe6 20.Rf7 Re8 21.Nxe6 Rxe6 22.Bd4 Re5
23.Nd5 Qa5 24.Ra3 Qxd5 25.Rxg7+ Kh8 26.Qf2 Qxd4 27.Qxd4 Bb6 28.Qxb6 Nxb6
29.Rxg6 Re6 30.Rxe6 Bxe6 31.e5 dxe5 32.Bxb7 Ra7 33.Bf3 Nc4 34.Rb3 h4 35.Rb8+ Kg7
36.Be2 Ne3 37.Re8  0-1

[Event "Turkish Bank Chess League 2012"]
[Site "Konya TUR"]
[Date "2012.07.16"]
[Round "7"]
[White "Firat,B"]
[Black "Pantsulaia,L"]
[Result "0-1"]
[WhiteElo "2408"]
[BlackElo "2557"]

1.e4 c5 2.Nf3 e6 3.d4 cxd4 4.Nxd4 a6 5.Nc3 b5 6.Bd3 Qb6 7.Nf3 Qc7 8.O-O Bb7
9.Re1 Be7 10.e5 f5 11.Nh4 g6 12.Nf3 h6 13.a4 b4 14.Nb1 Nc6 15.Nbd2 Na5 16.Nd4 Bc5
17.N2b3 Ne7 18.Nxa5 Qxa5 19.Nb3 Qc7 20.c3 bxc3 21.bxc3 Nd5 22.Nxc5 Qxc5 23.c4 Nb4
24.Bf1 a5 25.Be3 Qc7 26.Qd2 g5 27.Rad1 Bc6 28.Bc5 Kf7 29.Bd6 Qd8 30.Ra1 g4
31.Bc5 h5 32.Ra3 h4 33.Be3 Rh5 34.Bf4 Qe7 35.Rc1 Rg8 36.Re3 Qc5 37.Be2 Rh7
38.Qd1 Kf8 39.Rb1 g3 40.Bf3 gxf2+ 41.Kxf2 Qxc4 42.Qd6+ Ke8 43.Reb3 Qxf4  0-1

[Event "5th Paleochora Open"]
[Site "Paleochora GRE"]
[Date "2012.07.16"]
[Round "1.20"]
[White "Amarapala,Sherington"]
[Black "Filip,L"]
[Result "0-1"]
[WhiteElo "1732"]
[BlackElo "2481"]

1.e4 c5 2.Nf3 e6 3.d4 cxd4 4.Nxd4 a6 5.Nc3 Qc7 6.Be3 Bb4 7.Qd2 Nf6 8.f3 d5
9.Bd3 e5 10.Nde2 d4 11.Nxd4 exd4 12.Bxd4 Nc6 13.Be3 Ne5 14.Be2 Be6 15.a3 Rd8
16.Bd3 Nc4 17.Bf4 Qa5 18.Qc1 Bxc3+ 19.bxc3 Qxc3+ 20.Ke2 Nh5 21.Be3 Nxe3 22.Qxe3 Bc4
23.Rhc1 O-O 24.Bxc4 Qxc4+ 25.Kf2 f5 26.exf5 Rxf5 27.Qb3 Rd2+ 28.Kg1 Qxb3
29.cxb3 Nf4 30.Rc8+ Kf7 31.Rc7+ Kg6 32.g3 Nh3+  0-1

[Event "ch-SUI Hauptturnier 1 2012"]
[Site "Flims SUI"]
[Date "2012.07.17"]
[Round "6"]
[White "Lienhard,A"]
[Black "Grandadam,N"]
[Result "0-1"]
[WhiteElo "2099"]
[BlackElo "2317"]

1.e4 c5 2.Nf3 e6 3.d4 cxd4 4.Nxd4 a6 5.Nc3 Qc7 6.Be3 Bb4 7.Qd2 Nf6 8.f3 d5
9.Bd3 e5 10.Nde2 d4 11.Nxd4 exd4 12.Bxd4 Nc6 13.a3 Nxd4 14.axb4 O-O 15.O-O Be6
16.Rfe1 Rfd8 17.e5 Ne8 18.Kh1 Bc4 19.Qg5 Bxd3 20.cxd3 Nc2 21.Ne4 Qb6 22.Qe7 Qe6  0-1

[Event "5th Paleochora Open"]
[Site "Paleochora GRE"]
[Date "2012.07.17"]
[Round "3.21"]
[White "Nitin,S"]
[Black "Kalogeris,I"]
[Result "1-0"]
[WhiteElo "2417"]
[BlackElo "1923"]

1.e4 c5 2.Nf3 e6 3.d4 cxd4 4.Nxd4 a6 5.Nc3 Qc7 6.Be2 b5 7.O-O Bb7 8.Bf3 d6
9.a4 bxa4 10.Rxa4 Nd7 11.Nb3 Ngf6 12.Re1 Be7 13.Na5 Ne5 14.Be2 Bxe4 15.f4 Nc6
16.Nxe4 Nxa5 17.Nxf6+ Bxf6 18.Bf3 Rc8 19.f5 Qc5+ 20.Kh1 Qb5 21.fxe6 O-O 22.exf7+ Rxf7
23.c3 Kh8 24.Rb4 Qd7 25.Bg4 Qc7 26.Bxc8 Qxc8 27.Qd5 Re7 28.Rxe7 Bxe7 29.Qxa5  1-0

[Event "Turkish Bank Chess League 2012"]
[Site "Konya TUR"]
[Date "2012.07.18"]
[Round "9"]
[White "Odeev,H"]
[Black "Kobalia,M"]
[Result "1-0"]
[WhiteElo "2382"]
[BlackElo "2677"]

1.e4 c5 2.Nf3 e6 3.d4 cxd4 4.Nxd4 a6 5.Nc3 b5 6.Bd3 Qb6 7.Nb3 Qc7 8.O-O Bb7
9.Be3 Nf6 10.f4 d6 11.e5 dxe5 12.fxe5 Nd5 13.Nxd5 Bxd5 14.a4 b4 15.Qe2 Qxe5
16.Qf2 Qh5 17.Be2 Qg6 18.Bf3 Bd6 19.Bf4 Be7 20.Bxd5 exd5 21.Bxb8 Rxb8 22.Rae1 Rc8
23.Nd4 Kf8 24.Re6 Bf6 25.Rc6 Re8 26.Nf5 h5 27.Nxg7 Qxg7 28.Rxf6 Rh7 29.Qc5+ Kg8
30.Qxd5 h4 31.R1f5 Qf8 32.Rg6+ Rg7 33.Rfg5  1-0

[Event "16th Battle of Senta Open A"]
[Site "Senta SRB"]
[Date "2012.07.18"]
[Round "6.7"]
[White "Cabarkapa,N"]
[Black "Andrijevic,M"]
[Result "1/2-1/2"]
[WhiteElo "2254"]
[BlackElo "2345"]

1.e4 c5 2.Nf3 e6 3.d4 cxd4 4.Nxd4 a6 5.Nc3 Qc7 6.Be3 b5 7.a3 Bb7 8.Bd3 Nf6
9.O-O Bc5 10.Qe2 d6 11.Rad1 Nbd7 12.Nb3 Bxe3 13.Qxe3 O-O 14.h3 d5 15.exd5 Nxd5
16.Nxd5 Bxd5 17.Be4  1/2-1/2

[Event "6th Varna Open"]
[Site "Varna BUL"]
[Date "2012.07.18"]
[Round "7.4"]
[White "Horvath,Ta1"]
[Black "Delchev,A"]
[Result "0-1"]
[WhiteElo "2398"]
[BlackElo "2598"]

1.e4 c5 2.Nf3 e6 3.d4 cxd4 4.Nxd4 a6 5.Nc3 Qc7 6.Be2 b5 7.O-O Bb7 8.Re1 Nc6
9.Nxc6 dxc6 10.e5 Rd8 11.Bd3 c5 12.Qh5 g6 13.Qg5 h6 14.Qg3 Bg7 15.Bf4 Ne7
16.a4 c4 17.Be4 b4 18.Bxb7 bxc3 19.Bxa6 cxb2 20.Bb5+ Kf8 21.Rad1 Rxd1 22.Rxd1 Nd5
23.c3 g5 24.Bd2 Bxe5 25.Qf3 Bxh2+ 26.Kf1 Bf4 27.Bxf4 Qxf4 28.Qxf4 gxf4 29.Rb1 Nxc3
30.Rxb2 Ke7 31.Rc2 Nxb5 32.axb5 Rc8 33.b6 e5 34.b7 Rb8 35.Rxc4 Rxb7 36.Rc6 f6
37.Ke2 Kf7 38.Rc2 h5 39.f3 Kg6 40.Kf2 Rb1 41.Ra2 h4 42.Ra8 Rb7 43.Kg1 Rh7
44.Kh2 Re7 45.Rg8+ Rg7 46.Rh8 h3 47.gxh3 Kf7 48.Ra8 Rg3 49.Ra3 Kg6 50.Rb3 Kg5
51.Rc3 Kh4  0-1

[Event "2nd Science Park Open A"]
[Site "Amsterdam NED"]
[Date "2012.07.19"]
[Round "6"]
[White "Beerdsen,Thomas"]
[Black "Schneider,Ve"]
[Result "1/2-1/2"]
[WhiteElo "2044"]
[BlackElo "2331"]

1.e4 c5 2.Nf3 e6 3.d4 cxd4 4.Nxd4 a6 5.Nc3 d6 6.Be3 b5 7.Bd3 Bb7 8.O-O Nf6
9.a3 Nbd7 10.f4 Rc8 11.Qf3 Be7 12.Qg3 g6 13.Rad1 h5 14.e5 Ng4 15.exd6 Bxd6
16.Bxg6 Qf6 17.Ne4 Bxe4 18.Bxe4 Bc5 19.c3 Nxe3 20.Qxe3 Rc7 21.Kh1 Rg8 22.Qf3 h4
23.Bh7 Rh8 24.Qa8+ Qd8 25.Qxd8+ Kxd8 26.Be4 Kc8 27.Nb3 Be7 28.Bf3 Nb6 29.Na5 Nc4
30.Nxc4 Rxc4 31.Be2 Re4 32.Bd3 Re3 33.Rfe1 Rxe1+ 34.Rxe1 Bd6 35.c4 Bxf4 36.cxb5 Rd8
37.Bf1 axb5 38.Bxb5 e5 39.a4 e4 40.g3 hxg3 41.hxg3 Bxg3 42.Rxe4 f5 43.Re2 Rd1+
44.Kg2 Bd6 45.a5 Bb4 46.a6 Rd2 47.Rxd2 Bxd2  1/2-1/2

[Event "23rd Czech Open Rapid"]
[Site "Pardubice CZE"]
[Date "2012.07.19"]
[Round "7.11"]
[White "Andreev,Ed UKR"]
[Black "Coleman,T"]
[Result "0-1"]
[WhiteElo "2498"]
[BlackElo "2379"]

1.e4 c5 2.Nf3 e6 3.d4 cxd4 4.Nxd4 a6 5.Nc3 Qc7 6.Bd3 Nf6 7.f4 b5 8.e5 b4
9.Ne4 Nxe4 10.Bxe4 Bb7 11.Qf3 Nc6 12.Nxc6 Bxc6 13.Bxc6 dxc6 14.O-O Bc5+ 15.Be3 Qb6
16.Bxc5 Qxc5+ 17.Qf2 Qxf2+ 18.Kxf2 Ke7 19.a3 Rhb8 20.Ke3 bxa3 21.b3 Rb5 22.Rxa3 g5
23.g3 gxf4+ 24.gxf4 f6 25.c4 Rbb8 26.Rfa1 c5 27.Kd3 Rb6 28.Kc3 Rab8 29.Rg1 Kf7
30.h4 Rg8 31.Rxg8 Kxg8 32.Ra5 fxe5 33.fxe5 Rc6 34.Ra1 Kg7 35.Rd1 Kg6 36.Rd6 Rxd6
37.exd6 Kf7 38.b4 Ke8 39.b5 axb5 40.cxb5 Kd7 41.Kc4 Kxd6 42.b6 Kc6 43.b7 Kxb7
44.Kb5 Kc7 45.Kxc5 Kd7 46.Kd4 Ke7 47.Ke5 Kf7 48.h5 h6 49.Ke4 Ke8 50.Kf4 Kf7
51.Ke4 Kf6 52.Kf4 e5+ 53.Ke4 Ke6 54.Ke3 Kf5 55.Kf3 Kg5  0-1

[Event "23rd Czech Open Rapid"]
[Site "Pardubice CZE"]
[Date "2012.07.19"]
[Round "9.6"]
[White "Shanava,K"]
[Black "Ivanov,Ol UKR"]
[Result "1-0"]
[WhiteElo "2578"]
[BlackElo "2506"]

1.e4 c5 2.Nc3 e6 3.Nf3 a6 4.d4 cxd4 5.Nxd4 b5 6.Bd3 d6 7.O-O Nf6 8.f4 Be7
9.Nb3 Nbd7 10.Qf3 Bb7 11.Bd2 Nc5 12.Kh1 b4 13.Ne2 Nfxe4 14.Nxc5 Nxc5 15.Qg3 Nxd3
16.cxd3 Bf6 17.Bxb4 Bxb2 18.Rab1 Bf6 19.f5 Be5 20.Qh3 exf5 21.Bxd6 Qxd6 22.Rxb7 O-O
23.Qxf5 g6 24.Qf3 Qe6 25.d4 Bg7 26.d5 Qe8 27.Ng3 Rd8 28.Ne4 Qe5 29.d6 Kh8
30.Re7 Qd5 31.Rd1 Qxa2 32.d7 f5 33.Ng5 Bf6 34.Rxh7+ Kg8 35.Rh6 Kg7 36.Rh7+ Kg8
37.Qc6 Qe2 38.Rg1 Qe5 39.Qc4+  1-0

[Event "7th Nana Aleksandria Cup"]
[Site "Poti GEO"]
[Date "2012.07.19"]
[Round "7.13"]
[White "Kocharyan,A"]
[Black "Morchiashvili,B"]
[Result "0-1"]
[WhiteElo "2098"]
[BlackElo "2352"]

1.e4 c5 2.Nf3 e6 3.d4 cxd4 4.Nxd4 a6 5.Nc3 Qc7 6.Be2 Nf6 7.O-O Nc6 8.Be3 Be7
9.f4 d6 10.a4 O-O 11.Nb3 b6 12.Bf3 Bb7 13.Qe2 Rac8 14.Qf2 Nd7 15.g4 Rfe8
16.g5 Nb4 17.Rad1 Bf8 18.Rfe1 Qb8 19.Bxb6 Nxb6 20.Qxb6 d5 21.e5 Nxc2 22.Re2 Na3
23.Kh1 Nc4 24.Qf2 Ba8 25.Nd4 Bc5 26.Rc2 Qc7 27.Nce2 Rb8 28.Nc1 Rb4 29.Na2 Rxa4
30.b3 Nb2 31.bxa4 Nxd1 32.Bxd1 Bxd4 33.Qf1 Rb8 34.Be2  0-1

[Event "Maria Albulet Memorial 2012"]
[Site "Braila ROU"]
[Date "2012.07.20"]
[Round "9"]
[White "Makropoulou,M"]
[Black "Erdos,B"]
[Result "1-0"]
[WhiteElo "2248"]
[BlackElo "2175"]

1.e4 c5 2.Nc3 e6 3.Nf3 a6 4.d4 cxd4 5.Nxd4 b5 6.Bd3 Qb6 7.Nb3 Qc7 8.O-O Bb7
9.Qe2 d6 10.f4 Nd7 11.a4 b4 12.Nb1 Ngf6 13.Kh1 Be7 14.c3 bxc3 15.Nxc3 O-O
16.Be3 Rfb8 17.Rac1 Qd8 18.Nd2 Nc5 19.Bxc5 dxc5 20.Nc4 Bc6 21.Rcd1 Qc7 22.a5 Nd7
23.e5 Rb4 24.Be4 Rd8 25.Bxc6 Qxc6 26.Rd2 Nb8 27.Rxd8+ Bxd8 28.Rd1 Be7 29.Qd3 Qc7
30.Na2 Rb5 31.Nc3 Rb4 32.Na2 Rb7 33.Nb6 g6 34.Nc3 Kg7 35.Ne4 Qc6 36.Nd6 Rc7
37.h3 Bf8 38.b3 Be7 39.Kh2 Bf8 40.Rd2 Ra7 41.Ndc8 Rb7 42.Nd6 Rc7 43.Rc2 Kh8
44.b4 Nd7 45.Nxf7+ Kg8 46.Nd8 c4 47.Rxc4 Qb5 48.Rd4 Nb8 49.Qxb5 axb5 50.Nxe6 Re7
51.Nxf8 Kxf8 52.Rd8+ Re8 53.Rxb8  1-0

[Event "Sparkassen Open A"]
[Site "Dortmund GER"]
[Date "2012.07.20"]
[Round "7.13"]
[White "Schmitz,Philipp"]
[Black "Rueberg,J"]
[Result "1-0"]
[WhiteElo "2053"]
[BlackElo "2178"]

1.e4 c5 2.Nf3 e6 3.d4 cxd4 4.Nxd4 a6 5.Nc3 Nc6 6.Nxc6 bxc6 7.Bd3 Qc7 8.Qe2 e5
9.O-O Nf6 10.Kh1 d6 11.f4 Be7 12.f5 h6 13.Rf3 Nd7 14.Be3 Bb7 15.Raf1 d5 16.Bg1 Bf6
17.Rg3 d4 18.Nd1 c5 19.b3 Nb6 20.Nb2 Ke7 21.Bf2 Nc8 22.Qh5 Nd6 23.Rg4 a5
24.Bh4 Rag8 25.Nc4 Kf8 26.Rf3 Ne8 27.Be1 a4 28.Ba5 Qc6 29.Rf1 Ba6 30.Rb1 Nd6
31.Nxd6 Qxd6 32.bxa4 Bxd3 33.cxd3 Qa6 34.Rb5 Ke7 35.Bb6 Qxa4 36.Bxc5+ Ke8
37.Rb8+ Bd8 38.h3 Qxa2 39.Rg6 Kd7 40.Ra6 Qxa6 41.Qxf7+ Kc6 42.Qe6+ Kc7 43.Qxa6 Kxb8
44.Bd6+  1-0

[Event "112th ch-SUI 2012"]
[Site "Flims SUI"]
[Date "2012.07.20"]
[Round "9.1"]
[White "Gallagher,Jo"]
[Black "Zueger,B"]
[Result "1-0"]
[WhiteElo "2500"]
[BlackElo "2412"]

1.e4 c5 2.Nf3 e6 3.d4 cxd4 4.Nxd4 a6 5.Nc3 b5 6.Bd3 Bb7 7.O-O Nc6 8.Nxc6 Bxc6
9.Re1 Ne7 10.Bd2 b4 11.Ne2 Ng6 12.Nd4 Bb7 13.c3 Qb6 14.Nb3 bxc3 15.Bxc3 Bb4
16.Bd4 Qd8 17.Re3 O-O 18.Nc5 Bxc5 19.Bxc5 Re8 20.Bd6 Qb6 21.Bf1 Rec8 22.Qd2 Rc6
23.Rd1 Qd8 24.Bg3 Nf8 25.b4 Rac8 26.a4 d5 27.exd5 exd5 28.Ree1 Rc2 29.Qd4 Qd7
30.Bd3 Ra2 31.a5 Ne6 32.Qh4 h6 33.Qg4 d4 34.Qf5 g6 35.Qf6 Re8 36.Be5 Kh7
37.Bc4 Rc2 38.Bb3 Rc3 39.Bxe6 fxe6 40.Rxd4 Qe7 41.Rf4  1-0

[Event "23rd Czech Open A"]
[Site "Pardubice CZE"]
[Date "2012.07.20"]
[Round "1.94"]
[White "Kollen,Z"]
[Black "Coleman,T"]
[Result "0-1"]
[WhiteElo "2147"]
[BlackElo "2379"]

1.e4 c5 2.Nf3 e6 3.d4 cxd4 4.Nxd4 a6 5.Nc3 Qc7 6.Bd3 Nf6 7.O-O Bd6 8.f4 Bc5
9.Ne2 Nc6 10.c3 d6 11.Kh1 e5 12.fxe5 dxe5 13.Nf5 Bxf5 14.Rxf5 h6 15.Ng3 O-O-O
16.Qe2 Qd7 17.Bc2 Ng4 18.h3 g6 19.Rf1 h5 20.Bg5 Rdf8 21.Rad1 Qc7 22.b4 Ba7
23.Bb3 f6 24.Be6+ Kb8 25.Bxg4 fxg5 26.Be6 g4 27.Rxf8+ Rxf8 28.Rf1 Rf4 29.Qd2 Rxf1+
30.Nxf1 Qb6 31.Qd6+ Ka8 32.Qc5 Qd8 33.Qc4 Qf6 34.Nh2 g3 35.Nf3 Qf4 36.Qe2 Bf2
37.Nd2 g5 38.Bd5 Kb8 39.Be6 g4 40.Nf1 Qf6 41.Bf5 Ne7 42.Bd7 Ng6 43.Qc4 Nh4
44.hxg4 Qf3  0-1

[Event "23rd Czech Open A"]
[Site "Pardubice CZE"]
[Date "2012.07.20"]
[Round "1.67"]
[White "Malakhov,I"]
[Black "Kratochvil,Jo"]
[Result "1-0"]
[WhiteElo "2442"]
[BlackElo "2215"]

1.e4 c5 2.Nf3 e6 3.d4 cxd4 4.Nxd4 a6 5.Nc3 b5 6.Bd3 Bb7 7.O-O Qb6 8.Nf3 Qc7
9.e5 f5 10.Re1 Nc6 11.a3 Be7 12.Bf4 Nh6 13.Qd2 Nf7 14.Bxf5 g5 15.Bg3 exf5
16.Nd5 Qd8 17.e6 f4 18.exf7+ Kf8 19.Qc3 Kxf7 20.Rxe7+  1-0

[Event "23rd Czech Open A"]
[Site "Pardubice CZE"]
[Date "2012.07.20"]
[Round "1.69"]
[White "Rojicek,V"]
[Black "Vokoun,J"]
[Result "1-0"]
[WhiteElo "2438"]
[BlackElo "2212"]

1.e4 c5 2.Nf3 a6 3.Nc3 e6 4.d4 cxd4 5.Nxd4 Qc7 6.Be2 b5 7.a3 Bb7 8.Be3 Nf6
9.f3 Nc6 10.Qd2 Ne5 11.g4 h6 12.Bf4 b4 13.axb4 Bxb4 14.O-O g5 15.Be3 d6 16.Ncb5 Qc5
17.c3 axb5 18.cxb4 Qb6 19.Bf2 Qd8 20.Nxb5 d5 21.Bc5  1-0

[Event "Turkish Bank Chess League 2012"]
[Site "Konya TUR"]
[Date "2012.07.21"]
[Round "12"]
[White "Firat,B"]
[Black "Kobalia,M"]
[Result "1-0"]
[WhiteElo "2408"]
[BlackElo "2677"]

1.e4 c5 2.Nf3 e6 3.d4 cxd4 4.Nxd4 a6 5.Nc3 Qc7 6.Bd3 Nc6 7.Nxc6 bxc6 8.O-O d5
9.Re1 Bb7 10.Qf3 Bd6 11.e5 Bf8 12.Qg3 c5 13.b3 Ne7 14.Ba3 Nc6 15.Na4 Nb4
16.Rec1 Qa5 17.Bf1 Rc8 18.c3 Nc6 19.Qe3 Nb8 20.Qg3 g6 21.Re1 Bc6 22.Bc1 Bxa4
23.bxa4 Nd7 24.h4 h5 25.Bg5 c4 26.Re3 Bg7 27.Qf4 Qc7 28.Rae1 Rb8 29.g4 hxg4
30.Be2 Bxe5 31.Qxg4 Nf6 32.Qg2 Ne4 33.Bf3 Nxg5 34.Qxg5 f6 35.Qg4 Kf7 36.Bg2 Rh5
37.f4 d4 38.Rg3 Rg8 39.fxe5 Rxe5 40.Rb1 dxc3 41.Rxc3 Rb8 42.Rbc1 f5 43.Qxc4 Qxc4
44.Rxc4 Re2 45.R4c2 Rxc2 46.Rxc2 Rb4 47.Rc7+ Kf6 48.Rc6 Rxh4 49.Bd5 Rxa4
50.Rxe6+ Kg5 51.Bb3 Rg4+ 52.Kf2 a5 53.Ra6 Rf4+ 54.Ke3 Re4+ 55.Kd3 Re5 56.Bf7 f4
57.Rxg6+ Kf5 58.Rd6 Re3+ 59.Kd2 Re5 60.Kd3 Re3+ 61.Kd2 a4 62.Ra6 Re7 63.Bc4 f3
64.Rxa4 f2 65.Be2 Ke5  1-0